| 000 | 00926cam a2200157 4500500 | ||
|---|---|---|---|
| 005 | 20251214021100.0 | ||
| 041 | _afre | ||
| 042 | _adc | ||
| 100 | 1 | 0 |
_aKoller, Sylvie _eauthor |
| 245 | 0 | 0 | _aSébastien Broca, Pris dans la Toile. De l’utopie d’Internet au capitalisme numérique. Seuil, «Liber», 2025, 288 páginas, 23 euros. |
| 260 | _c2025. | ||
| 500 | _a56 | ||
| 520 | _aEn nombre del arte, así como de la anarquía en el movimiento y la alegría de crear, el Centro Pompidou y el Grand Palais presentan una exposición sobre un trío sin igual en la historia del arte: la pareja formada por Niki de Saint Phalle (1930-2002) y Jean Tinguely (1925-1991), impulsada por un pionero y visionario en el mundo de los museos, Pontus Hultén (1924-2006). | ||
| 786 | 0 | _nÉtudes | - | 10 | 2025-09-30 | p. 136-137 | |
| 856 | 4 | 1 | _uhttps://shs.cairn.info/revista-etudes-2025-10-page-136?lang=es&redirect-ssocas=7080 |
| 999 |
_c1571677 _d1571677 |
||